000 00709nam a2200205Ia 4500
003 GCL
008 140319s9999 xx 000 0 ara d
020 _a4278227977
040 _aGCL /
_cGCL
082 0 4 _aق
_b351
_bو و
100 1 _aوردة هاشم
245 1 0 _aوزارة الصحة /
_cوردة هاشم
260 _aالقاهرة :
_bمركز الدراسات السياسية والاستراتيجية - الأهرام ،
_c2004
300 _a108 ص ؛
_c22 سم
490 _aسلسلة الوزارات المصرية
_v0
650 0 4 _aالوزارات - مصر
650 0 4 _aوزارة الصحة - مصر
650 0 4 _aوزارة الصحة - تنظيم وإدارة
942 _2ddc
_cBK
999 _c9285
_d9285